| 000 | 01148cam a22002775a 4500 | ||
|---|---|---|---|
| 999 |
_c5687 _d5687 |
||
| 001 | 14241650 | ||
| 003 | OSt | ||
| 005 | 20220706123106.0 | ||
| 008 | 060126s2005 ke a b 001 0 eng | ||
| 010 | _a 2006306114 | ||
| 020 | _a9966710906 | ||
| 040 |
_aDLC _cALUPE UNIVERSITY |
||
| 042 | _alcode | ||
| 050 |
_aRA1022 _b.F67 2005 |
||
| 245 | 0 | 0 |
_aConcise text and manual of forensic medicine, medical law, and ethics in East Africa / _c[editors], Dada M.A. ... [et al.]. |
| 246 | 3 | 0 | _aForensic medicine, medical law, and ethics in East Africa |
| 260 |
_aNairobi : _bIndependent Medico-Legal Unit, _cc2005. |
||
| 300 |
_aiv, 340 p. : _bcol. ill. ; _c25 cm. |
||
| 500 | _a"With various contributors from East Africa; for judicial, legal, medical, and law enforcement officers, and all persons with interest in forensic medicine in East Africa"--Cover. | ||
| 504 | _aIncludes bibliographical references (p. 334) and index. | ||
| 700 | 1 | _aDada, Mahomed A. | |
| 710 | 2 | _aIndependent Medico-Legal Unit (Kenya) | |
| 906 |
_a7 _bibc _corigode _d2 _encip _f20 _gy-gencatlg |
||
| 942 |
_2lcc _cBK _nAB |
||